01832nam a22002297a 4500003000500000005001700005008004100022020001800063041001200081082002000093100001600113245005500129260003800184300002800222520111000250650003801360650003501398650002001433942001501453999001701468952011701485CUTN20250529145703.0250529b |||||||| |||| 00| 0 eng d a9789387867802 aEnglish 223a938.05bTHU aThucydides  aTHE HISTORY OF THE Peloponnesian War /cThucydides aNew Delhi :bMaven Books, c2023. a297 p. :bIll. ;c24 cm aWritten four hundred years before the birth of Christ, this detailed contemporary account of the struggle between Athens and Sparta stands an excellent chance of fulfilling the author's ambitious claim that the work "was done to last forever." The conflicts between the two empires over shipping, trade, and colonial expansion came to a head in 431 b.c. in Northern Greece, and the entire Greek world was plunged into 27 years of war. Thucydides applied a passion for accuracy and a contempt for myth and romance in compiling this exhaustively factual record of the disastrous conflict that eventually ended the Athenian empire.For more than seventy years, Penguin has been the leading publisher of classic literature in the English-speaking world. With more than 1,700 titles, Penguin Classics represents a global bookshelf of the best works throughout history and across genres and disciplines. Readers trust the series to provide authoritative texts enhanced by introductions and notes by distinguished scholars and contemporary authors, as well as up-to-date translations by award-winning translators. a Greece History Peloponnesian War aHISTORY Ancient Greece History aGrece Histoire  2ddccBOOKS c44454d44454 00102ddc40708NFICaCUTNbCUTNc900d2025-05-29l0o938.05 THUp51858r2025-05-29 14:57:42w2025-05-29yBOOKS